000 00697cam a22002413a 4500
001 41
003 PGUSA
005 20140828082942.0
008 080627s2008||||xxu|||||s|||||000 1 eng d
040 _aPGUSA
_beng
042 _adc
050 4 _aPS
100 1 _aIrving, Washington,
_d1783-1859
245 1 4 _aThe Legend of Sleepy Hollow
_h[electronic resource] /
_cWashington Irving
260 _bProject Gutenberg,
_c2008
506 _aPublic domain in the USA.
516 _aElectronic text
653 _aNew York (State) -- History -- 1775-1865 -- Fiction
653 _aGhosts -- Fiction
830 0 _aProject Gutenberg
_v41
856 4 0 _uhttp://www.gutenberg.org/ebooks/41
942 _cEB
999 _c229412
_d229412